| 000 | 00609nam a2200205 4500 | ||
|---|---|---|---|
| 001 | 148580 | ||
| 003 | ES-MaACL | ||
| 005 | 20240524063001.0 | ||
| 007 | t| | ||
| 008 | 070214s1935 fr r ||||1| fre d | ||
| 100 | 0 |
_aStendhal, _d1783-1842 _9108086 |
|
| 245 | 1 | 0 |
_aJournal / _cStendhal ; texte établi et annoté par Henri Debraye, Louis Royer. |
| 250 | _a5ª. ed. | ||
| 260 |
_aParis : _bGallimard, _c1935. |
||
| 300 |
_a2 v. ; _c19 cm. |
||
| 700 | 1 |
_aDebraye, Henry ( _d1878-1948) _943132 |
|
| 700 | 1 |
_aRoyer, Louis. _9100214 |
|
| 852 |
_aES-MaACL _jA-4269-70 |
||
| 999 |
_c148580 _d148580 |
||